謎解きチャレンジ#5 - Statistics

General Stats
  • This quiz has been taken 22 times
  • The average score is 2 of 6
Answer Stats
Picture Answer % Correct
真珠
100%
お気に入り
35%
参照
24%
自動車
18%
漢数字
12%
医療従事者
0%
No matching quizzes found
Score Distribution
Percent of People with Each Score
Percentile by Number Answered
Your Score History
You have not taken this quiz